| 000 | 00448nam a2200169Ia 4500 | ||
|---|---|---|---|
| 003 | GCL | ||
| 008 | 140319s9999 xx 000 0 eng d | ||
| 040 |
_aGCL / _cGCL |
||
| 082 | 0 | 4 |
_a808.068543 _bG S |
| 100 | 1 | _aGREENE, ELLIN | |
| 245 | 1 | 0 |
_aSTORYTELLING: ART AND TECHNIQUE / _cGREENE, ELLIN |
| 260 |
_a[S.N] : _bR.R. BOWKER COMPANY ، _c1996 |
||
| 300 | _a333 P | ||
| 650 | 0 | 4 | _aSTORYTELLING |
| 650 | 0 | 4 | _aSTORYTELLING - U.S.A |
| 942 |
_2ddc _cBK |
||
| 999 |
_c14775 _d14775 |
||